Responses for Show #3043 - Wednesday, November 19, 1997

1997 Power Players Week game 3.
From DAR Constitution Hall in Washington, D.C.

Contestants

[<< previous game]

Al Franken, an author and comedian from Lateline

Pat Schroeder, a former congresswoman from the Association of American Publishers

Jack Ford, a trial attorney and Emmy Award-winning journalist from the Today show

[next game >>]

Jeopardy! Round responses

WONDERS OF THE WORLD
U.S. GOVERNMENT
BUY FOREIGN
SUNDAY MORNING TV
POLITICAL QUOTES
BULL
    $100 1
"E Pluribus Unum"

Jack
    $100 5
Charles Osgood

Al
    $100 12
Mark Twain

Al
    $100 11
Bull Run

Al
    $200 2
General Accounting Office

Jack
    $200 6
(Al: And he's doing a great job, sure!)
(Alex: I'm sure he'd appreciate you saying that!)

Robert Schuller

Al
    $200 13
Huey Long

Al
    $200 17
Doonesbury

Pat
    $300 3
3/4

Jack
    $300 7
David Brinkley

Al
    $1,800 14
(Al: Well, that's the famous "Checkers" speech, it's "Who was the only president that had to leave office, [*]?")

Richard Nixon

Al
    $300 18
Sitting Bull

Al
    $400 4
Bureau of Alcohol, Tobacco and Firearms

Al
    $400 8
Meet the Press

Al
    $400 15
Will Rogers

Jack
    $400 19
Raging Bull

Jack
    $500 10
The National Archives

Pat
    $500 9
Rowland Evans & Robert Novak

Jack
    $500 16
Harry Truman

Al
    $500 20
(Al: What is the Tijuana Brass?)
[The end-of-round signal sounds, with no advance warning from Alex.]

"The Lonely Bull"

Al
Triple Stumper

Scores at the first commercial break (after clue 13):

Jack Pat Al
$1,100 $500 $1,800

Scores at the end of the Jeopardy! Round:

Jack Pat Al
$1,900 $700 $3,900

Double Jeopardy! Round responses

MRS. SMITH GOES TO WASHINGTON
INACTION MOVIES
IF IT'S TUESDAY...
DANS, DANIELS & BOBS
SIMPLE SCIENCE
CONGRESSIONAL CROSSWORD CLUES "C"
    $200 5
Joseph McCarthy

Al
    $200 3
The Breakfast Club

Jack
    $200 12
Second

Al
    $200 8
(Jack: What is Congress?)

Capitol

JackAl
    $400 6
(Pat: What is the Medal of Honor?)

Freedom

Pat
Triple Stumper
    $400 4
The Diary of Anne Frank

Al
    $400 16
Daniel Inouye

Al
    $400 13
Cotton

Al
    $400 9
Continental

Triple Stumper
    $600 2
(Al: Who is Margaret Chase Smith?)
(Jack: What is New Hampshire?)

Maine

JackAl
Triple Stumper
    $600 14
Photosynthesis

Triple Stumper
    $600 10
Clerk

Triple Stumper
    $800 7
Nikita Khrushchev

Triple Stumper
    $800 15
(Alex: We have about a minute to go.)

cow

Pat
    $800 11
Caucus

Al
    $1000 1
Conscience

Triple Stumper
    $2,000 17
Daniel Webster

Al
    $1000 18
[The end-of-round signal sounds.]

cloture

Pat

Scores at the end of the Double Jeopardy! Round:

Jack Pat Al
$1,300 $2,100 $7,900
(lock game)

[wagering suggestions for these scores]

Final Jeopardy! Round responses

POLITICAL CONNECTIONS
(Alex: And Pat wins with $100--what a finish!)
JackWho is Ashley &
$1,300
PatWho knows?
$2,000
AlWho was Stephen Foster?
$7,900
Francis Scott Key

Final scores:

Jack Pat Al
$0 $100 $0
3rd place: $10,000 for the Alzheimer's Association Winner: $15,000 for Publishers' Literacy 2nd place: $10,000 for the Congressional Hunger Center

Game dynamics:

Coryat scores:

Jack Pat Al
$1,300 $2,100 $5,400
7 R,
2 W
4 R,
1 W
19 R
(including 2 DDs),
2 W

Combined Coryat: $8,800

[game clues] [game scores] [suggest correction]

Game tape date: 1997-11-01
The J! Archive is created by fans, for fans. Scraping, republication, monetization, and malicious use prohibited; this site may use cookies and collect identifying information. See terms. The Jeopardy! game show and all elements thereof, including but not limited to copyright and trademark thereto, are the property of Jeopardy Productions, Inc. and are protected under law. This website is not affiliated with, sponsored by, or operated by Jeopardy Productions, Inc. Join the discussion at JBoard.tv.